Προστατεύοντας τους πρόσφυγες : ερωτήσεις & απαντήσεις
Αποθηκεύτηκε σε:
| Συγγραφή απο Οργανισμό/Αρχή: | |
|---|---|
| Μορφή: | Βιβλίο |
| Γλώσσα: | Greek English |
| Δημοσίευση: |
[Athens] :
[UNHCR],
[2005]
|
| Θέματα: | |
| Ετικέτες: |
Προσθήκη ετικέτας
Δεν υπάρχουν, Καταχωρήστε ετικέτα πρώτοι!
|
MARC
| LEADER | 00000cam a2200000 i 4500 | ||
|---|---|---|---|
| 001 | 1/26112 | ||
| 008 | 060314s2005 gre d | ||
| 035 | |l 10083081 | ||
| 040 | |a GR-MY-UA |b gre |e aacr | ||
| 041 | 1 | |a gre |h eng | |
| 082 | 0 | |a 325.21 |2 (22) | |
| 110 | 2 | |a Office of the United Nations High Commissioner for Refugees. | |
| 245 | 1 | 0 | |a Προστατεύοντας τους πρόσφυγες : |b ερωτήσεις & απαντήσεις / |c [UNHCR-The UN Refugee Agency] |
| 260 | |a [Athens] : |b [UNHCR], |c [2005] | ||
| 300 | |a 22 σ.; |c 21 εκ. | ||
| 650 | 0 | 0 | |a Refugees |x Government policy. |
| 650 | 0 | 0 | |a Refugees |x Protection. |
| 852 | |a INST |b RHODES |e 20060314 |h 325.21 OFF |p 005400021220 |q 005400021220 |t BK |y 0 | ||
| 901 | |a BIBL4-2006-1 | ||
| 909 | |a Ρ |b 123371 | ||
| 970 | |a ΚΟΖΑ |b ΜΑΡΙΑ |z 2006/03/14 | ||